000 00436nam a2200181Ia 4500
005 20250423095310.0
008 250422s9999 xx 000 0 und d
020 _a9789788456728
050 _aJF 1525.E8 .E84/
100 _aAdeigbo, F. A.
245 0 _aEthics and public affairs
260 _aIbadan
260 _bIbadan University Press
260 _c2014
300 _a199 p
650 _aEthics Public Affairs
942 _cBK
999 _c29848
_d29848